South Africa tariff schedule as of April 7, 2011.
| Format: | Book |
|---|---|
| Published: |
[S.l]:
[s.n],
2011.
|
| Subjects: |
| LEADER | 00459cam a2200145 7i4500 | ||
|---|---|---|---|
| 001 | 0000026832 | ||
| 005 | 20110823090000.0 | ||
| 090 | 0 | 0 | |a T 382.7 |b SOU (S.AF) |
| 245 | 0 | 0 | |a South Africa tariff schedule as of April 7, 2011. |
| 260 | 0 | 0 | |a [S.l]: |b [s.n], |c 2011. |
| 300 | # | # | |a [v.p]. |
| 650 | 0 | 0 | |a Tariff -- |z South Africa |
| 651 | 0 | 0 | |a South Africa |
| 999 | |a 0000029253 |b Book |c Tariffs |e Business Information Centre | ||
| 999 | |a 0000029252 |b Book |c Tariffs |e Business Information Centre | ||